000 00363nam a2200157Ia 4500
003 Ost
005 20260225132553.0
008 260225s9999||||xx |||||||||||||| ||und||
040 _cfsic
041 _afre
082 _a440
100 _aJ.Imbert
_eAuteur
245 0 _aHistoire des institutions et des faits soçiaux /
245 0 _cJ.Imbert
942 _cكتاب
999 _c34296
_d34296